000 00731nam a2200217 a 4500
001 48812
003 BD-RjUL
005 20211209054605.0
008 160616s1968 bg ||||| |||| 00| 0 ben d
035 _a(BD-RjUL)48931
040 _aBD-RjUL
_bben
_cBD-RjUL
041 _aben
082 _223
_a891.442
_bALA 1968
100 _aআলম, নূর-উল
_9145652
245 1 0 _aএক বৃন্ত দুটি ফুল /
_cনূর-উল-আলম
260 _aঢকা :
_bমাওলা ব্রাদার্স,
_c১৯৬৮
300 _a৭৮ পৃ. :
_bচিত্র ;
_c২১ সেমি
650 _aবাংলা নাটক
_9146797
650 _aBengali Drama
_9146798
942 _2ddc
_cBK
999 _c48812
_d48812